Las armas y las letras: literatura y guerra civil 1936-1939
Zapisane w:
| 1. autor: | |
|---|---|
| Format: | Książka |
| Język: | hiszpański |
| Wydane: |
Barcelona
Planeta
1994
|
| Seria: | Colección Espejo de España
|
| Hasła przedmiotowe: | |
| Etykiety: |
Dodaj etykietę
Nie ma etykietki, Dołącz pierwszą etykiete!
|
MARC
| LEADER | 00000nam a2200000 a 4500 | ||
|---|---|---|---|
| 001 | UCY4838 | ||
| 003 | CL-VaPUC | ||
| 008 | 950331e19940000SP |||||||||||||||||spa|d | ||
| 082 | 0 | 4 | |a 860.9 |b TRA |2 21 |
| 100 | 0 | |a Trapiello, Andrés |e author |9 333351 | |
| 245 | 1 | 4 | |a Las armas y las letras: literatura y guerra civil 1936-1939 |
| 300 | |a 429 p | ||
| 942 | |c BK | ||
| 945 | |d 19950331 00:00:00 |a rbrito | ||
| 260 | |a Barcelona |b Planeta |c 1994 | ||
| 650 | 0 | |a Literatura española |9 306261 | |
| 650 | 7 | |a HISTORIA Y CRITICA 1936-1939 |2 CL-VaPUC |9 320155 | |
| 650 | 7 | |a HISTORIA 1936-1939 |2 CL-VaPUC |9 333342 | |
| 651 | 0 | |a España |9 254926 | |
| 583 | |a last modification |c 19950331 00:00:00 |k Rodrigo Vera | ||
| 490 | 0 | |a Colección Espejo de España | |
| 999 | |c 232595 |d 232593 | ||
| 952 | |0 0 |1 0 |4 0 |6 860_900000000000000_TRA_1994 |7 0 |8 A |9 237320 |a FDOPOS |b FDOPOS |d 2019-11-15 |i 3071367 |o 860.9 TRA 1994 |p 3071367 |r 2025-01-22 |w 2019-11-15 |y BK |k MLH | ||